000 00507nam a2200157 i 4500
001 34160
003 ES-MaACL
005 20230906154902.0
007 t|
008 030204s1967 sp ||||1| fre d
100 1 _aBofill, Francisco de P.
_929773
245 1 0 _aCatalogue des mortiers
_b: Collection Palacio de Perelada /
_cpar Francisco de P. Bofill.
260 _a[S.l. :
_bs.n.,
_c1967] (
_eFigueras :
_fArt. Gráf. Trayter)
300 _a146 p. :
_bil. ;
_c21 cm.
852 _aES-MaACL
_jC-30720
_bR.64284
999 _c34160
_d34160